Counties of England - 60 Second Sprint - Statistics

General Stats
  • This quiz has been taken 15 times
  • The average score is 23 of 47
Answers on the Map
Answers color-coded by a green-red scale on the quiz's map according to % correct below.
 
Answer Stats
County % Correct
Kent
92%
Cornwall
83%
Essex
83%
Norfolk
83%
Suffolk
83%
Cambridgeshire
75%
Devon
75%
Dorset
75%
Greater London
75%
Hampshire
67%
North Yorkshire
67%
Cheshire
58%
Cumbria
58%
Gloucestershire
58%
Lincolnshire
58%
Oxfordshire
58%
Somerset
58%
West Sussex
58%
Berkshire
50%
East Riding of Yorkshire
50%
Hertfordshire
50%
Northumberland
50%
Rutland
50%
Surrey
50%
City of Bristol
42%
East Sussex
42%
Herefordshire
42%
Leicestershire
42%
Nottinghamshire
42%
South Yorkshire
42%
Buckinghamshire
33%
Derbyshire
33%
Durham
33%
Greater Manchester
33%
Lancashire
33%
Merseyside
33%
Staffordshire
33%
Wiltshire
33%
Worcestershire
33%
Bedfordshire
25%
Isle of Wight
25%
Shropshire
25%
Tyne and Wear
25%
West Yorkshire
25%
Warwickshire
17%
West Midlands
8%
Northamptonshire
0%
No matching quizzes found
Score Distribution
Percent of People with Each Score
Percentile by Number Answered
Your Score History
You have not taken this quiz